I 10 Paesi con la maggiore produzione di vino - Sudden Death - Statistics

Statistiche generali
  • Questo quiz è stato fatto 60 volte
  • Il punteggio medio è 5 su 10
Answers on the Grid
Answers color-coded by a green-red scale on the quiz's grid according to % correct below.
Grecia
Austria
Lussemburgo
Italia
Francia
Andorra
Paesi Bassi
Svizzera
Ungheria
Spagna
Cina
Stati Uniti
Australia
Argentina
Romania
Bulgaria
Sudafrica
Cile
India
Colombia
Costa Rica
Portogallo
Thailandia
Nuova Zelanda
Giappone
 
Statistiche sulle risposte
Risposta % Corretto
Italia
91%
Francia
88%
Spagna
61%
Stati Uniti
58%
Portogallo
42%
Cina
39%
Argentina
33%
Australia
27%
Sudafrica
21%
Cile
12%
Nessun quiz corrispondente trovato
Distribuzione punteggi
Percentuale di utenti per punteggio
Percentile per numero di risposta
I tuoi punteggi nel tempo
Non hai fatto questo quiz